000 03744nam a22005655i 4500
001 978-3-319-26956-6
003 DE-He213
005 20210118135446.0
007 cr nn 008mamaa
008 161019s2017 gw | s |||| 0|eng d
020 _a9783319269566
_9978-3-319-26956-6
024 7 _a10.1007/978-3-319-26956-6
_2doi
050 4 _aRB1-214
072 7 _aMMF
_2bicssc
072 7 _aMED067000
_2bisacsh
072 7 _aMKF
_2thema
082 0 4 _a616.07
_223
100 1 _aZimmermann, Arthur.
_eauthor.
_4aut
_4http://id.loc.gov/vocabulary/relators/aut
245 1 0 _aTumors and Tumor-Like Lesions of the Hepatobiliary Tract
_h[electronic resource] :
_bGeneral and Surgical Pathology /
_cby Arthur Zimmermann.
250 _a1st ed. 2017.
264 1 _aCham :
_bSpringer International Publishing :
_bImprint: Springer,
_c2017.
300 _a880 illus., 879 illus. in color. eReference.
_bonline resource.
336 _atext
_btxt
_2rdacontent
337 _acomputer
_bc
_2rdamedia
338 _aonline resource
_bcr
_2rdacarrier
347 _atext file
_bPDF
_2rda
520 _aThis book covers all liver tumors and lesions that clinically and radiologically mimic liver tumors. It provides readers with a comprehensive overview of this complex and rapidly evolving field. All aspects of surgical pathology are addressed, supplemented by detailed presentations of the lesions’ cell-biologic and molecular features. In addition, the methods employed for diagnosis and diagnostic algorithms are discussed. It appeals to pathologists and hepatologists and serves as an invaluable aid to diagnosis. The field of liver tumors and tumor-like lesions in adults and children has experienced tremendous advances in recent years. Specifically, the recognition of novel entities, deepened insights into known tumors, and refinement of classifications have necessitated continual updates and reappraisals. In addition, previous understanding of hepatic carcinogenesis and tumor progression has been transformed by the very rapid evolution of our understanding of cell biology, genomics, signaling pathways, cell interactions, and mechanisms of invasion and spread of hepatic tumor cells. These general pathology issues must be combined with surgical pathology if a comprehensive understanding of liver tumor pathology is to be achieved.
650 0 _aPathology.
650 0 _aOncology  .
650 0 _aHepatology.
650 0 _aSurgery.
650 1 4 _aPathology.
_0http://scigraph.springernature.com/things/product-market-codes/H4800X
650 2 4 _aOncology.
_0http://scigraph.springernature.com/things/product-market-codes/H33160
650 2 4 _aHepatology.
_0http://scigraph.springernature.com/things/product-market-codes/H33088
650 2 4 _aSurgery.
_0http://scigraph.springernature.com/things/product-market-codes/H59001
710 2 _aSpringerLink (Online service)
773 0 _tSpringer Nature eReference
776 0 8 _iPrinted edition:
_z9783319269542
776 0 8 _iPrinted edition:
_z9783319269559
856 4 0 _uhttps://doi.org/10.1007/978-3-319-26956-6
912 _aZDB-2-SME
999 _c449299
_d449299
942 _cEB
506 _aAvailable to subscribing member institutions only. Доступно лише організаціям членам підписки.
506 _fOnline access from local network of NaUOA.
506 _fOnline access with authorization at https://link.springer.com/
506 _fОнлайн-доступ з локальної мережі НаУОА.
506 _fОнлайн доступ з авторизацією на https://link.springer.com/